Bayer Leverkusen - Torschützen 2007/08 - Statistics

General Stats
  • This quiz has been taken 9 times
  • The average score is 5 of 13
Answer Stats
Tore Spieler % Correct
9 Stefan Kießling
89%
8 Simon Rolfes
78%
11 Theofanis Gekas
67%
1 Arturo Vidal
56%
4 Manuel Friedrich
56%
6 Tranquillo Barnetta
56%
1 Gonzalo Castro
44%
4 Sergej Barbarez
22%
2 Karim Haggui
11%
2 Lukas Sinkiewicz
11%
2 Paul Freier
11%
1 Carsten Ramelow
0%
2 Dmitriy Bulykin
0%
No matching quizzes found
Score Distribution
Percent of People with Each Score
Percentile by Number Answered
Your Score History
You have not taken this quiz